000 00371nam a2200133Ia 4500
008 190216s9999||||xx |||||||||||||| ||und||
100 _aV.S Madhavan
245 0 _a"A Text Book Of Mechanics, Properties Of Matter ,relatyvity & Waves"
250 _a3rd Ed.
260 _bCalicut University Central Co-Operative
_c2005
300 _a568
650 _aPhysics
942 _cBK
999 _c34680
_d34680